Návrh opatrení na zlepšenie systému motivácie zamestnancov v podniku Delphi Slovensko, s.r.o.

Gespeichert in:
Bibliographische Detailangaben
1. Verfasser: Včelková, Andrea, 1992- (Verfasst von)
Weitere Verfasser: Samák, Marián, 1985- (Betreuung Doktorarbeit)
Format: Manuskript Buch
Sprache:Slowakisch
Veröffentlicht: Trnava : STU v Bratislave MTF UPMK, 2014
Schlagworte:
Online-Zugang:VAIS
Tags: Tag hinzufügen
Keine Tags, Fügen Sie das erste Tag hinzu!

MARC

LEADER 00000ntm a22000003a 4500
001 stu293258
005 20150617230317.0
008 140708s2014----xo------------------slo-d
040 |a STU  |b slo 
041 0 |a slo 
044 |a xo 
100 1 |a Včelková, Andrea,  |d 1992-  |4 aut  |u M  |T MTF Materiálovotechnologická fakulta  |X 45599  |U M  |Y 60  |7 A000045599 
242 0 0 |a Proposal for improving employee motivation system in company Delphi Slovensko, s.r.o.   |y eng 
245 1 |a Návrh opatrení na zlepšenie systému motivácie zamestnancov v podniku Delphi Slovensko, s.r.o.  
260 |a Trnava :  |b STU v Bratislave MTF UPMK,  |c 2014 
300 |a 68s  |c CD 
650 7 |a personálna práca v priemyselnom podniku  |2 stusub 
650 7 |a Personnel Policy in Industrial Plant  |2 estusub 
650 7 |a motivation  |2 estusub 
650 7 |a motivácia  |2 stusub 
650 7 |a zamestnanci  |2 stusub 
650 7 |a podnik  |2 stusub 
700 1 |a Samák, Marián,  |d 1985-  |4 ths  |X 32777  |7 A000032777 
856 4 |a info a plný text  |u http://is.stuba.sk/zp/portal_zp.pl?podrobnosti=87305  |3 VAIS 
996 |c M*BP-6933  |l MMSKP  |s P  |a 0  |w stu293258_0001